000 00367nam a22001457a 4500
003 OSt
005 20231012053853.0
008 231012b |||||||| |||| 00| 0 eng d
040 _cIIMT UNIVERSITY GREATER NOIDA
100 _aKUMAR,KEVAL J.
245 _aMASS COMMUNICATION IN INDIA
260 _aNEW DELHI
_bJAICO PUB HOUSE
_c2023
300 _a630
942 _2ddc
_c02
999 _c57397
_d57397